Instituciones filosóficas : Tomo primero : Tomo segundo /
Furkejuvvon:
| Váldodahkki: | |
|---|---|
| Materiálatiipa: | Girji |
| Giella: | espánnjágiella |
| Fáttát: | |
| Fáddágilkorat: |
Eai fáddágilkorat, Lasit vuosttaš fáddágilkora!
|
MARC
| LEADER | 00000nam^a2200000^a^4500 | ||
|---|---|---|---|
| 001 | 000373053 | ||
| 005 | 20250526000000.0 | ||
| 009 | 20260310120028.532 | ||
| 037 | |a Acervo Xavier Clavigero | ||
| 041 | |a ESP | ||
| 082 | |a 121. |b JAC V. 1-2 | ||
| 100 | |a Jacquier, Francisco |e (autor) | ||
| 240 | 1 | 1 | |a [Instituciones filosóficas] |
| 245 | 1 | 0 | |a Instituciones filosóficas : |b Tomo primero : Tomo segundo / |c F. Jacquier ; tr. por Santos Diez González. |
| 264 | |a Madrid, España : |b Imprenta y Librería de Alfonso López, |c 1787 | ||
| 300 | |a 24, 195, 10, 271, 6 p. ; |c 21.5 cm. | ||
| 336 | |a texto |b txt |2 rdacontenido | ||
| 337 | |a sin mediación |b n |2 rdamedio | ||
| 338 | |a volumen |b nc |2 rdasoporte | ||
| 501 | |a Encuadernación particular | ||
| 561 | |a Ex libris de Bibliotheca Collegii Maximi Prov. Mexicanae, S.J. | ||
| 561 | |a Ex libris de Bibliotheca Coll. Max. Ysletensis S.J. | ||
| 562 | |a Falta cubierta | ||
| 649 | |a XX | ||
| 650 | |a Silogismo | ||
| 650 | |a Idea - |x Filosofía | ||
| 650 | |a Lógica - |x Tema Principal | ||
| 650 | |a Física | ||
| 650 | |a Epistemología - |x Tema Principal | ||
| 650 | |a Filosofía - |x Tema Principal | ||
| 910 | |a Fondo General | ||
| 920 | |a Impresos - Libros | ||
| 930 | |a Libros Antiguos y Raros | ||
| 905 | |a 108 | ||
| 901 | |a 0500267490 |b IT2 |c LRA |u 20250526 | ||
| 902 | |a https://opac.biblio.iteso.mx/vufind/Record/000373053 | ||